Paso a paso : juegos y actividades para ayudar a tu bebé con necesidades especiales /
Este material está dirigido a los padres y cuidadores de niños con patologías tales como síndrome Down, autismo u otros retrasos en el desarrollo, con el fin de proporcionarles la información necesaria y una infinidad de ideas para estimular su desarrollo. Los juegos y actividades sugeridos se puede...
Enregistré dans:
| Auteur principal: | |
|---|---|
| Format: | Livre |
| Langue: | espagnol |
| Publié: |
Barcelona, España :
Paidós,
2003, c2003
|
| Collection: | (Guías para Padres ;
72) |
| Sujets: | |
| Tags: |
Pas de tags, Soyez le premier à ajouter un tag!
|
MARC
| LEADER | 00000nam^a2200000^a^4500 | ||
|---|---|---|---|
| 001 | 000153242 | ||
| 005 | 20250521000000.0 | ||
| 009 | 20260310100312.506 | ||
| 020 | |a 84-493-1358-9 | ||
| 037 | |a Acervo ITESO - Biblioteca | ||
| 041 | |a ESP | ||
| 082 | |a 371. 904482 |b NEW | ||
| 100 | |a Newman, Sarah |e (autor) | ||
| 245 | 1 | 0 | |a Paso a paso : |b juegos y actividades para ayudar a tu bebé con necesidades especiales / |c S. Newman ; tr. por Joan Carles Guix Vilaplana. |
| 264 | 4 | |a Barcelona, España : |b Paidós, |c 2003, c2003 | |
| 300 | |a 266 p. | ||
| 336 | |a texto |b txt |2 rdacontenido | ||
| 337 | |a sin mediación |b n |2 rdamedio | ||
| 338 | |a volumen |b nc |2 rdasoporte | ||
| 440 | 1 | |a (Guías para Padres ; |v 72) | |
| 520 | |a Este material está dirigido a los padres y cuidadores de niños con patologías tales como síndrome Down, autismo u otros retrasos en el desarrollo, con el fin de proporcionarles la información necesaria y una infinidad de ideas para estimular su desarrollo. Los juegos y actividades sugeridos se pueden realizar con juguetes y materiales que la mayoría de los niños ya tienen, y se presentan de acuerdo a ciertas habilidades a desarrollar: cognitiva, lingüística, física, sensorial, social y emocional. | ||
| 649 | |a XX | ||
| 650 | |a Bebés - |x Condiciones Psicológicas | ||
| 650 | |a Niños - |x Condiciones Psicológicas | ||
| 650 | |a Discapacitados | ||
| 650 | |a Discapacidades Mentales | ||
| 650 | |a Problemas de Aprendizaje | ||
| 650 | |a Aprendizaje | ||
| 650 | |a Psicología Cognitiva | ||
| 650 | |a Desarrollo Económico-Social | ||
| 650 | |a Desarrollo Psicomotriz y Perceptual | ||
| 650 | |a Desarrollo Físico | ||
| 650 | |a Desarrollo Emocional | ||
| 650 | |a Desarrollo Cognoscitivo | ||
| 650 | |a Juegos Educativos | ||
| 650 | |a Juegos | ||
| 650 | |a Apoyos Didácticos | ||
| 650 | |a Estimulación Temprana | ||
| 650 | |a Metodología Educativa | ||
| 650 | |a Proceso Educativo | ||
| 650 | |a Psicopatología | ||
| 650 | |a Psicología Clínica | ||
| 650 | |a Psicología Evolutiva | ||
| 650 | |a Psicología Educativa | ||
| 650 | |a Educación Especial | ||
| 650 | |a Educación | ||
| 910 | |a Fondo General | ||
| 920 | |a Impresos - Libros | ||
| 930 | |a Colección General | ||
| 905 | |a 101 | ||
| 901 | |a 0500081919 |b IT1 |c ACC |u 20250521 | ||
| 902 | |a https://opac.biblio.iteso.mx/vufind/Record/000153242 | ||